Creditrisk + In the banking industry

Guardat en:
Dades bibliogràfiques
Autor principal: Gundlach, Mathias
Format: Llibre
Idioma:Undetermined
Publicat: New York Springer 2004
Matèries:
Etiquetes: Afegir etiqueta
Sense etiquetes, Sigues el primer a etiquetar aquest registre!
Thư viện lưu trữ: Trung tâm Học liệu Trường Đại học Cần Thơ
LEADER 00530nam a2200193Ia 4500
001 CTU_94671
008 210402s9999 xx 000 0 und d
020 |c 110.18 
082 |a 332.7 
082 |b G975 
100 |a Gundlach, Mathias 
245 0 |a Creditrisk + In the banking industry 
245 0 |c Mathias Gundlach, Frank Lehrbass 
260 |a New York 
260 |b Springer 
260 |c 2004 
650 |a Credit,Bank loans,Risk management 
904 |i Trúc 
980 |a Trung tâm Học liệu Trường Đại học Cần Thơ